书目信息 |
| 题名: |
地下管线网探测与信息管理
|
|
| 作者: | 田应中 编著 | |
| 分册: | ||
| 出版信息: | 北京 测绘出版社 1997.08 |
|
| 页数: | 163页 | |
| 开本: | 32开 | |
| 丛书名: | ||
| 单 册: | ||
| 中图分类: | TP73 | |
| 科图分类: | ||
| 主题词: | 遥感仪 , 遥感系统 | |
| 电子资源: | ||
| ISBN: | 7-5030-0942-X | |
| 000 | 00601nam0 2200205 45 | |
| 001 | 0011152281 | |
| 005 | 20001115221254.2 | |
| 010 | @a7-5030-0942-X@d12.00元 | |
| 100 | @a20001115d1997 km y0chiy0120 ea | |
| 101 | 0 | @achi |
| 105 | @a z 000yy | |
| 200 | 1 | @a地下管线网探测与信息管理@ADi Xia Guan Xian Wang Tan Ce Yu Xin Xi Guan Li@f田应中等编著@FTian Ying Zhong Deng Bian Zhu |
| 210 | @a北京@c测绘出版社@d1997.08 | |
| 215 | @a163页@d32开 | |
| 606 | 0 | @a遥感仪 |
| 606 | 0 | @a遥感系统 |
| 690 | @aTP73@v3 | |
| 701 | 0 | @a田应中@4编著 |
| 801 | @aCN@bPftUser@c20001115 | |
| 905 | @b408900@dTP73@eT981@f1 | |
| 地下管线网探测与信息管理/田应中等编著.-北京:测绘出版社,1997.08 |
| 163页;32开 |
| ISBN 7-5030-0942-X:12.00元 |
| ● |
| 相关链接 |
|
|
|
正题名:地下管线网探测与信息管理
索取号:TP73/T981
 
预约/预借
| 序号 | 登录号 | 条形码 | 馆藏地/架位号 | 状态 | 备注 |
| 1 | 408900 | 204089002 | 自科二线404/404自科库 18排3列6层/ [索取号:TP73/T981] | 在馆 |